000 02423nam a2200253Ia 4500
003 OSt
005 20260305173447.0
008 210716s2019 xx 000 0 und d
020 _a9788126558186
040 _cAIMIT LIBRARY
041 _aeng
082 _a658
_213
_bSCHJ
100 _aSchermerhorn, John R.
_924025
245 _aIntroduction to management /
_cBy John R Schermerhorn and Daniel G Bachrach.
250 _a13th ed.
_bInternational Student Version
260 _aNew Delhi :
_bWiley India Pvt Ltd ,
_c2019 .
300 _axxii,522p. ;
_c26 cm.
500 _aWe’ve got you covered for your Principles of Management course with Schermerhorn/Bachrach, Introduction to Management 13th Edition. With new cases, more opportunities for self-assessment and the Management Weekly Updates news blog, the text and its comprehensive suite of resources promote critical thinking and active learning. Thoroughly updated while maintaining its trusted balance of concepts and applications, Introduction to Management 13th Edition presents the most current material to apply theory and show relevance of management concepts in the real world—for students to succeed in your management course and beyond.
504 _aPart One Management 1 The Management Process 2 History of Management Thought 3 Ethical Behavior and Social Responsibility Part Two Environment 4 External Environment and Organizational Culture 5 International Management 6 Entrepreneurship and Small Business Management Part Three Planning and Controlling 7 The Decision-Making Process 8 Fundamentals of Planning 9 Fundamentals of Control 10 The Strategic Management Process Part Four Organizing 11 Fundamentals of Organizing 12 Organizational Change and Development 13 Human Resource Management Part Five Leading 14 Essentials of Leadership 15 Foundations of Individual Behavior 16 Motivation Theory and Practice 17 Teams and Teamwork 18 Communication, Conflict and Negotiation Management Cases for Critical Thinking Chapter Cases Self-Test Answers Glossary Endnotes Organizational Index Name Index Subject Index
650 _aInternational Management.
_924026
650 _aEntrepreneurship and Small Business Management.
_924027
700 _aBachrach, Daniel G.
_924028
942 _2ddc
_cBK
_e13th
_k658 SCHJ
999 _c211546
_d211546